| 000 | 00443nam a2200181Ia 4500 | ||
|---|---|---|---|
| 001 | 20801 | ||
| 005 | 20260306172832.0 | ||
| 008 | 260306t2011||||xx |||||||||||||| ||spa|| | ||
| 041 | _aESP | ||
| 082 |
_a343.8 _bC28 |
||
| 100 |
_aCarvalho, Cristiano _eAUT |
||
| 245 | 0 | _aEl análisis económico del derecho tributario | |
| 260 | _c2011 | ||
| 300 |
_a108 páginas : _c20 cm. |
||
| 650 | _aGEN | ||
| 654 | _aCDE | ||
| 942 |
_cLIB _dJUS _fJUS _2ddc _n |
||
| 999 |
_c20801 _d20801 |
||